| 000 | 00500nam a22001697a 4500 | ||
|---|---|---|---|
| 005 | 20240925063408.0 | ||
| 008 | 240925b |||||||| |||| 00| 0 eng d | ||
| 020 | _a0409003972 | ||
| 041 | _aEnglish | ||
| 082 | _a349 JOU | ||
| 100 | _lEnglish | ||
| 245 |
_aThe Law of South Africa / _cWA Joubert and JA Faris |
||
| 260 |
_aDurban: _bButterworth Publishers (Pty) Ltd, _c1995 |
||
| 300 |
_b1408 pages; _c26 cm. |
||
| 650 |
_aLegal practice _bLaw |
||
| 942 |
_cBK _6ALISON_BN_VRIES |
||
| 999 |
_c3121 _d3121 |
||